Представление документа в формате MARC21

Поле Инд. ПП Название Значение
Тип записи a
Библиографический уровень m
001 Контрольный номер RU/LIBMSTU/260453891
005 Дата корректировки 20200521130843.9
008 Кодируемые данные 080409|||||||||ru |||||||||||000|||rus||
020 a ISBN 978-5-91180-153-3
c Цена, тираж 145-00
040 b Код языка каталог. rus
041 0_ a Код языка текста rus
084 a Индекс другой классификации/Индекс ББК 65.292+65.291.21+65.291.3+65.291.6-21
090 a Полочн. индекс 65.292
x Авторский знак Ф 53
245 10 a Заглавие Филиальная сеть: развитие и управление
c Ответственность [Домокош Т. В. и др.] ; под ред. Т. И. Сорокиной
260 a Место издания Санкт-Петербург [и др.]
b Издательство Питер
c Дата издания 2007
300 a Объем 347 с.
b Иллюстрации/ тип воспроизводства ил.
440 _7 a Серия Серия "Практика менеджмента"
500 a Примечание Авт. указаны на обороте тит. л.
650 04 a Основная рубрика Менеджмент
650 14 a Основная рубрика Филиальная сеть-Управление
653 0_ a Ключевые слова Менеджмент
653 1_ a Ключевые слова Маркетинг
653 1_ a Ключевые слова Управление персоналом
653 1_ a Ключевые слова Продажи
700 12 a Другие авторы Сорокина Т. И.
e Роль лиц ред.
901 t Тип документа m